Radiohead Songs - Sudden Death - Statistics

General Stats
  • This quiz has been taken 9,697 times
  • The average score is 11 of 20
Answers on the Grid
Answers color-coded by a green-red scale on the quiz's grid according to % correct below.
True Love Waits
Teen Spirit
Bodysnatchers
Pyramid Song
Planet Xerox
Paranoid Android
Talk Show Host
Unlucky
Optimistic
Stop Shouting
High and Dry
No Surprises
Mash and Peas
My Iron Lung
W.A.S.T.E.
There, There
Creep
Melancholia
Burn The Witch
Alarm Bell
Lazier, Sadder
Lotus Flower
Let Down
Karma Police
Just
Idioteque
The Raindrops
House Of Cards
Fake Plastic Trees
Dr Tchocky
All I Need
2 + 3 = 6
 
Answer Stats
Answer % Correct
Creep
80%
Paranoid Android
77%
No Surprises
74%
Karma Police
72%
Fake Plastic Trees
70%
High and Dry
68%
Let Down
60%
My Iron Lung
59%
All I Need
55%
Pyramid Song
55%
Bodysnatchers
54%
Just
54%
True Love Waits
52%
Idioteque
49%
House Of Cards
46%
Burn The Witch
41%
There, There
39%
Optimistic
38%
Lotus Flower
37%
Talk Show Host
36%
No matching quizzes found
Score Distribution
Percent of People with Each Score
Percentile by Number Answered
Your Score History
You have not taken this quiz